| Поле | Инд. | ПП | Название | Значение |
|---|---|---|---|---|
| Тип записи | a | |||
| Библиографический уровень | m | |||
| 001 | Контрольный номер | e94dfcc98224474998f89b2c09ebcd7d | ||
| 005 | Дата корректировки | 20230427115500.6 | ||
| 008 | Кодируемые данные | 200914|||||||||ru |||||||||||||||||rus|| | ||
| 020 | a | ISBN | 978-5-86185-998-1 | |
| 041 | 0_ | a | Код языка текста | rus |
| 084 | a | Индекс другой классификации/Индекс ББК | 39.42-082.03 | |
| 090 | a | Полочн. индекс | 39.42-082 | |
| x | Авторский знак | О-64 | ||
| 203 | a | Вид содержания | Текст | |
| c | Тип средства | непосредственное | ||
| 245 | 10 | a | Заглавие | Организационно-техническая система несения ходовой вахты как фактор безопасности мореплавания |
| b | Продолж. заглавия | монография | ||
| c | Ответственность | Министерство науки и высшего образования Российской Федерации, Федеральное государственное бюджетное образовательное учреждение высшего образования "Мурманский государственный технический университет" | ||
| 260 | a | Место издания | Мурманск | |
| b | Издательство | МГТУ | ||
| c | Дата издания | 2020 | ||
| 300 | a | Объем | 187 с. | |
| b | Иллюстрации/ тип воспроизводства | ил. | ||
| 500 | a | Примечание | Имеется электрон. аналог 2020 г. | |
| 504 | a | Библиография | Библиография: с. 183-187 | |
| 650 | 04 | a | Основная рубрика | Безопасность мореплавания-Монографии |
| 653 | 0_ | a | Ключевые слова | Аварии на море |
| a | Ключевые слова | Безопасность мореплавания | ||
| a | Ключевые слова | Безопасная эксплуатация судов | ||
| a | Ключевые слова | Вахтенный помощник капитана | ||
| a | Ключевые слова | Монографии | ||
| a | Ключевые слова | Несение вахты | ||
| a | Ключевые слова | Несение ходовой вахты | ||
| a | Ключевые слова | Обеспечение безопасности мореплавания | ||
| a | Ключевые слова | Судовождение | ||
| a | Ключевые слова | Судовой персонал | ||
| a | Ключевые слова | Труды преподавателей МГТУ | ||
| 700 | 12 | a | Другие авторы | Кукуи Ф. Д. |
| 700 | 12 | a | Другие авторы | Меньшиков В. И. |
| 700 | 12 | a | Другие авторы | Сарлаев В. Я. |
| 700 | 12 | a | Другие авторы | Шутов В. В. |
| 700 | 12 | a | Другие авторы | Мурманский государственный технический университет |
| e | Роль лиц | Издатель | ||
| 710 | 12 | a | Организация/ юрисдикция | Мурманский государственный технический университет |
| 900 | a | Имя макрообъекта | Организационно-техническая система несения ходовой вахты | |
| 901 | t | Тип документа | m |